=LDR 00000nam 2200000 4500 =001 INLIS000000000026121 =005 20130612124600 =008 ***********************************ind** =035 ##$$0010-061300000026121 =041 ##$$a ind =082 ##$$a 780 =090 ##$$a 780, SUG b =100 ##$$a Sugeng TS =245 ##$$a The Beatles, Sugeng TS =260 ##$$a 205 $b Yogyakarta =300 ##$$a 140 hlm., 23 cm =650 ##$$a Sya'ir Musik =850 ##$$a NBPNMAT =990 ##$$a 0001/BPAP-NTB/20142015